Datum a čas kvízu
18.5
Celkem bodů
Celkový počet nahraných bodů na tomto kvízu bez doplňovacích otázek.
6.
Pořadí na kvízu
Konečné umístění týmu na tomto kvízu.
Zaznamenané odpovědi
| # | Otázka | Odpověď | Body | Výsledky |
|---|---|---|---|---|
| 1. | Zlidovělý výraz Andreje Babiše... | 0 | ||
| 2. | Francouzský prezident Emmanuel... | 0 | ||
| 3. | Letošní největší výstava Muzea... | 0 | ||
| 4. | Desítky nových "hackerů" ročně... | 0 | ||
| 5. | V pátek bylo zahájeno 82. mist... | 0 | ||
| 6. | Košile patří k základním typům... | 1 | ||
| 7. | Dámská obdoba košile se nejčas... | 1 | ||
| 8. | Paramilitární křídlo italských... | 0 | ||
| 9. | Ze kterého česko-německého tel... | 1 | ||
| 10. | Polotriko, zkráceně polo, je j... | 0 |